| 000 | 00456cam a2200181ua 4500 | ||
|---|---|---|---|
| 020 | _c11.00 | ||
| 041 |
_aeng _h |
||
| 082 |
_a320.01 _bVID/IN |
||
| 100 | _aVidya dbar , Mahajan . | ||
| 245 |
_aInternational politics since 1900 / _cVidya dbar Mahajan. _hTextual Documents |
||
| 250 |
_a1 / _b. |
||
| 260 |
_aNew Delhi : _bS.Chand & Sons , _c1964. |
||
| 300 | _a567 ; . | ||
| 365 | _a11.00 | ||
| 504 | _a | ||
| 942 | _cBK | ||
| 999 |
_c2035 _d2035 |
||